| 000 | 01079cam a22003134a 4500 | ||
|---|---|---|---|
| 001 | 11911664 | ||
| 003 | NUST - PNEC | ||
| 005 | 20170116180814.0 | ||
| 008 | 000214s2001 caua b 001 0 eng | ||
| 010 | _a 00025038 | ||
| 020 | _a0534375979 (alk. paper) | ||
| 020 | _a9812400796 | ||
| 040 |
_aDLC _cLIBRARY _dDLC |
||
| 042 | _apcc | ||
| 050 | 0 | 0 |
_aQA76.73.C153 _bD76 2001 |
| 082 | 0 | 0 | _a005.133 DRO |
| 100 | 1 | _aDrozdek, Adam. | |
| 245 | 1 | 0 |
_aData structures and algorithms in C++ / _cAdam Drozdek. |
| 250 | _a2nd ed. | ||
| 260 |
_aPacific Grove, CA : _bBrooks/Cole, _cc2001. |
||
| 300 |
_axviii, 650 p. : _bill. ; _c25 cm. |
||
| 504 | _aIncludes bibliographical references (p. 624-625) and indexes. | ||
| 650 | 0 |
_aC++ (Computer program language) _xMIS |
|
| 650 | 0 | _aData structures (Computer science) | |
| 650 | 0 | _aComputer algorithms. | |
| 906 |
_a7 _bcbc _corignew _d1 _eocip _f20 _gy-gencatlg |
||
| 942 |
_2ddc _cBK |
||
| 999 |
_c63462 _d63462 |
||